Fundamental physics and physics education research (Record no. 36117)

MARC details
000 -LEADER
fixed length control field 00770 a2200241 4500
003 - CONTROL NUMBER IDENTIFIER
control field IN-BaIIA
005 - DATE AND TIME OF LATEST TRANSACTION
control field 20251024115528.0
008 - FIXED-LENGTH DATA ELEMENTS--GENERAL INFORMATION
fixed length control field 251024b |||||||| |||| 00| 0 eng d
020 ## - INTERNATIONAL STANDARD BOOK NUMBER
International Standard Book Number 978-3-030-52925-3
040 ## - CATALOGING SOURCE
Transcribing agency IIA Library
080 ## - UNIVERSAL DECIMAL CLASSIFICATION NUMBER
Universal Decimal Classification number 53
Item number FUN
245 ## - TITLE STATEMENT
Title Fundamental physics and physics education research
Statement of responsibility, etc. edited by Burra G. Sidharth, Jesus Carnicer Murillo, Marisa Michelini and Carmen Perea
260 ## - PUBLICATION, DISTRIBUTION, ETC.
Place of publication, distribution, etc. Switzerland
Name of publisher, distributor, etc. Springer
Date of publication, distribution, etc. 2021
300 ## - PHYSICAL DESCRIPTION
Extent xi, 290p.
650 ## - SUBJECT ADDED ENTRY--TOPICAL TERM
Topical term or geographic name entry element Astronomy
9 (RLIN) 80
650 ## - SUBJECT ADDED ENTRY--TOPICAL TERM
Topical term or geographic name entry element Cosmology
650 ## - SUBJECT ADDED ENTRY--TOPICAL TERM
Topical term or geographic name entry element Space Sciences
9 (RLIN) 4479
700 ## - ADDED ENTRY--PERSONAL NAME
Personal name Sidharth, Burra G. ed.
9 (RLIN) 49282
700 ## - ADDED ENTRY--PERSONAL NAME
Personal name Murillo, Jesus Carnicer ed.
9 (RLIN) 49283
700 ## - ADDED ENTRY--PERSONAL NAME
Personal name Michelini, Marisa ed.
9 (RLIN) 49284
700 ## - ADDED ENTRY--PERSONAL NAME
Personal name Perea, Carmen ed.
9 (RLIN) 49285
942 ## - ADDED ENTRY ELEMENTS (KOHA)
Source of classification or shelving scheme Universal Decimal Classification
Koha item type Books
Holdings
Withdrawn status Lost status Source of classification or shelving scheme Damaged status Not for loan Home library Current library Shelving location Date acquired Source of acquisition Cost, normal purchase price Total Checkouts Full call number Barcode Date last seen Cost, replacement price Price effective from Koha item type Purchase Price
    Dewey Decimal Classification     IIA Library-Bangalore IIA Library-Bangalore General Stacks 23/10/2025 78 6639.98   53 /FUN 20846 23/10/2025 10374.96 23/10/2025 Books  

Powered by Koha